000 00484cam a22001217a 4500
008 180718b-- xxu||||| |||| 00| 0 eng d
082 _aT448x54 In2i
245 _aIndia's external debt: a status report
_cby Department of Economic Affairs, Ministry of Finance
260 _aNew Delhi
_bDepartment of Economic Affairs, Ministry of Finance
_c--
500 _aLibrary has 1993, 1998
650 _aDebts, External - India
700 _aIndia. Ministry of Finance. Department of Economic Affairs
999 _c486732
_d486732